| 000 | 00600 a2200145 4500 | ||
|---|---|---|---|
| 082 | _aBIT-9 | ||
| 100 |
_aNauman Zahoor _992590 |
||
| 245 |
_a" Using the ATM- eB EAIAPI to extend TAM e-B to an application and compliance management using TCIM" _cNauman Zahoor _hEnglish |
||
| 260 |
_aIslamabad _bNUST School of Electrical Engineering and Computer Science _c2011 |
||
| 300 |
_a112 p. _b: ill _c; 27 cm. + _eCD-ROM |
||
| 500 | _aSupervisors : Mr. Aatif Kamal, Mr. Mujtaba Haider | ||
| 700 |
_aZahra Khan _970097 |
||
| 856 | _uhttp://10.250.8.41:8080/xmlui/handle/123456789/5397 | ||
| 942 |
_cPR _kBIT-9 NAU _2ddc |
||
| 999 |
_c10615 _d10615 |
||